Geografia Básica A-Z - Statistics

Estatísticas Gerais
  • Esse quiz foi jogado 739 vezes
  • A pontuação média é 15 de 23
Estatísticas das Respostas
# Dica Resposta % Correto
B País que você está Brasil
98%
F Limite do país é a____ com outro Fronteira
91%
E Linha que "separa a terra ao meio" Equador
90%
O Continente onde fica a Austrália Oceania
88%
R Maior país do mundo Rússia
85%
T Quem nasce na Turquia é Turco (a)
84%
S Idioma falado na Suécia Sueco
83%
D Único país que começa com DO Dominica
80%
M O mapa que quase todo mundo usa Mapa {múndi}
80%
I Forma de se comunicar, na qualcada país tem um jeito Idioma
75%
G Maquete do mundo Globo
74%
H Tem o norte e o sul, que são separados pela linha do equador Hemisfério
73%
A Livro de geografia Atlas
72%
C O Trópico que Madagascarnão se situa Câncer
70%
N 7% do Brasil está neste(resposta do H) Norte
68%
Q Capital do Equador Quito
67%
V Idioma falado no Vietnã Vietnamita
61%
J O suposto outro lado do Brasil Japão
47%
P Territórios dependentes, sem donos, separados em estados Países
31%
L Moeda da Turquia Lira
22%
U Original, em inglês Unique
14%
X Moeda utilizada no(a) Quênia, Somália, Tanzânia e Uganda Xelim
6%
Z Bolsa, em neerlandês (holandês) Zakje
1%
Nenhum quiz correspondente encontrado
Distribuição das Pontuações
Porcentagem de Pessoas com Cada Pontuação
Percentil de Números Respondidos
Sua Pontuação Histórica
Você não jogou esse quiz